Ο Φιλελεύθερος [εφημερίδα] | ημερήσια εφημερίς εις την υπηρεσίαν του Κυπριακού λαού | Ιδρυτής-Διευθυντής Νίκος Χρ. Παττίχης (Αριθ. εγγραφής 6375)
[ απλή προβολή ]
| 000 -ΕΤΙΚΕΤΑ ΕΓΓΡΑΦΗΣ (LEADER) | |
|---|---|
| Σταθερού μήκους πεδίο ελέγχου | 01102nas a2200277 4500 |
| 003 - PERSISTENT ΑΝΑΓΝΩΡΙΣΤΙΚΟ ΕΓΓΡΑΦΗΣ | |
| Πεδίο ελέγχου | GR-kaGGEEl |
| 005 - ΤΑΥΤΟΤΗΤΑ ΕΚΔΟΧΗΣ | |
| Πεδίο ελέγχου | 20220622205402.0 |
| 035 ## - ΑΡΙΘΜΟΙ ΕΛΕΓΧΟΥ ΑΛΛΩΝ ΣΥΣΤΗΜΑΤΩΝ | |
| Αριθμός ελέγχου συστήματος | 9056 |
| 100 ## - ΓΕΝΙΚΑ ΔΕΔΟΜΕΝΑ ΕΠΕΞΕΡΓΑΣΙΑΣ | |
| Γενικά δεδομένα επεξεργασίας | 20100518b19552005k y0grey50 ga |
| 101 0# - ΓΛΩΣΣΑ ΤΟΥ ΠΟΡΟΥ | |
| Γλώσσα κειμένου, soundtrack, κλπ. | Ελληνική γλώσσα (1453-) |
| 102 ## - ΧΩΡΑ ΔΗΜΟΣΙΕΥΣΗΣ Ή ΠΑΡΑΓΩΓΗΣ | |
| Χώρα δημοσίευσης | Ελλάδα |
| 106 ## - ΠΕΔΙΟ ΚΩΔΙΚΟΠΟΙΗΜΕΝΩΝ ΔΕΔΟΜΕΝΩΝ: ΥΛΙΚΟ ΜΕ ΚΕΙΜΕΝΟ - ΜΟΡΦΗ | |
| Textual Material Coded Data Physical Medium Designator | e |
| 110 ## - ΠΕΔΙΟ ΚΩΔΙΚΟΠΟΙΗΜΕΝΩΝ ΔΕΔΟΜΕΝΩΝ: ΠΕΡΙΟΔΙΚΑ ΔΗΜΟΣΙΕΥΜΑΤΑ | |
| Κωδικοποιημένα δεδομένα περιοδικού δημοσιεύματος | ca|| |||| |
| 200 1# - ΤΙΤΛΟΣ ΚΑΙ ΔΗΛΩΣΗ ΠΝΕΥΜΑΤΙΚΗΣ ΥΠΕΥΘΥΝΟΤΗΤΑΣ | |
| Κύριος Τίτλος | Ο Φιλελεύθερος [εφημερίδα] |
| Υπότιτλος | ημερήσια εφημερίς εις την υπηρεσίαν του Κυπριακού λαού |
| Πρώτη Δήλωση Πνευματικής Υπευθυνότητας | Ιδρυτής-Διευθυντής Νίκος Χρ. Παττίχης |
| 207 #0 - ΠΕΡΙΟΔΙΚΑ ΔΗΜΟΣΙΕΥΜΑΤΑ – ΑΡΙΘΜΗΣΗ | |
| Αρίθμηση: Χρονολογίες και προσδιορισμός τόμων | 7 Δεκ. 1955 - Δεκ.2005 |
| 210 ## - ΔΗΜΟΣΙΕΥΣΗ, ΔΙΑΘΕΣΗ κ.λ.π. | |
| Τόπος δημοσίευσης, διάθεσης, κλπ. | Λευκωσία |
| Ημερομηνία δημοσίευσης, διάθεσης κλπ. | 1955 - 2005 |
| 310 ## - ΣΗΜΕΙΩΣΕΙΣ ΣΧΕΤΙΚΕΣ ΜΕ ΤΗ ΒΙΒΛΙΟΓΡΑΦΙΑ ΚΑΙ ΤΗ ΔΙΑΘΕΣΙΜΟΤΗΤΑ | |
| Κείμενο της σημείωσης | Η βιβλιοθήκη διαθέτει τα εξής: 1958 - 1962, 1967, Ιουλ.-Δεκ.1970, Ιουν.1971, Ιουλ.-Οκτ.1973, Μαρτ.-Ιουν.1974 |
| 310 ## - ΣΗΜΕΙΩΣΕΙΣ ΣΧΕΤΙΚΕΣ ΜΕ ΤΗ ΒΙΒΛΙΟΓΡΑΦΙΑ ΚΑΙ ΤΗ ΔΙΑΘΕΣΙΜΟΤΗΤΑ | |
| Κείμενο της σημείωσης | Η εφημερίδα είναι δεμένη σε 15 τόμους. |
| 606 1# - ΘΕΜΑΤΙΚΟ ΣΗΜΕΙΟ ΠΡΟΣΒΑΣΗΣ - ΘΕΜΑΤΙΚΟ ΟΝΟΜΑ | |
| Στοιχείο αναγραφής | Τύπος, Κυπριακός |
| Εσωτερικός κωδικός Koha | 23970 |
| 607 ## - ΘΕΜΑΤΙΚΟ ΣΗΜΕΙΟ ΠΡΟΣΒΑΣΗΣ - ΓΕΩΓΡΑΦΙΚΟ ΟΝΟΜΑ | |
| Στοιχείο αναγραφής | Κύπρος |
| Θεματική υποδιαίρεση | Εφημερίδες |
| Εσωτερικός κωδικός Koha | 16682 |
| 676 ## - ΔΕΚΑΔΙΚΗ ΤΑΞΙΝΟΜΗΣΗ DEWEY (DDC) | |
| Αριθμός | 079.5645 |
| 942 ## - ADDED ENTRY ELEMENTS (KOHA) | |
| Τύπος αντιτύπου Koha | Περιοδικά |
Δεν υπάρχουν διαθέσιμα τεκμήρια.